<?xml version="1.0" encoding="UTF-8"?><?xml-stylesheet type="text/xsl" href="static/style.xsl"?><OAI-PMH xmlns="http://www.openarchives.org/OAI/2.0/" xmlns:xsi="http://www.w3.org/2001/XMLSchema-instance" xsi:schemaLocation="http://www.openarchives.org/OAI/2.0/ http://www.openarchives.org/OAI/2.0/OAI-PMH.xsd"><responseDate>2026-04-13T04:56:06Z</responseDate><request verb="GetRecord" identifier="oai:www.recercat.cat:2072/456006" metadataPrefix="marc">https://recercat.cat/oai/request</request><GetRecord><record><header><identifier>oai:recercat.cat:2072/456006</identifier><datestamp>2026-03-13T07:36:29Z</datestamp><setSpec>com_2072_98</setSpec><setSpec>col_2072_378192</setSpec></header><metadata><record xmlns="http://www.loc.gov/MARC21/slim" xmlns:dcterms="http://purl.org/dc/terms/" xmlns:xsi="http://www.w3.org/2001/XMLSchema-instance" xmlns:doc="http://www.lyncode.com/xoai" xsi:schemaLocation="http://www.loc.gov/MARC21/slim http://www.loc.gov/standards/marcxml/schema/MARC21slim.xsd">
   <leader>00925njm 22002777a 4500</leader>
   <datafield ind2=" " ind1=" " tag="042">
      <subfield code="a">dc</subfield>
   </datafield>
   <datafield ind2=" " ind1=" " tag="720">
      <subfield code="a">Pastor Martínez, Alberto</subfield>
      <subfield code="e">author</subfield>
   </datafield>
   <datafield ind2=" " ind1=" " tag="260">
      <subfield code="c">2021</subfield>
   </datafield>
   <datafield ind2=" " ind1=" " tag="520">
      <subfield code="a">La crisis generada por el Covid-19 ha supuesto un ensayo generalizado y masivo del teletrabajo que ha evidenciado la necesidad de articular marcos normativos de carácter nacional. El presente trabajo pretende destacar y poner en valor la existencia de un bloque de normas de carácter internacional que deberían condicionar esos desarrollos internos centrando su atención en la dimensión colectiva. En este sentido, se destaca, en primer lugar, como el valor promocional, complementario e integrador del Convenio OIT C177 habría de ser tenido en cuenta a la hora de regular fenómenos como el trabajo a distancia post-Covid o el trabajo a través de plataformas. Máxime cuando la determinación de su ámbito aplicativo se realiza con la permeabilidad suficiente para ser aplicado a las nuevas formas de trabajo a distancia. En segundo lugar, se valora positivamente la actuación de los agentes sociales europeos en la firma de los Acuerdos marcos de teletrabajo y, más recientemente, sobre digitalización.</subfield>
   </datafield>
   <datafield tag="653" ind2=" " ind1=" ">
      <subfield code="a">Trabajo a distancia</subfield>
   </datafield>
   <datafield tag="653" ind2=" " ind1=" ">
      <subfield code="a">Teletrabajo</subfield>
   </datafield>
   <datafield tag="653" ind2=" " ind1=" ">
      <subfield code="a">OIT</subfield>
   </datafield>
   <datafield tag="653" ind2=" " ind1=" ">
      <subfield code="a">Representación de los trabajadores</subfield>
   </datafield>
   <datafield tag="653" ind2=" " ind1=" ">
      <subfield code="a">Libertad sindical</subfield>
   </datafield>
   <datafield tag="653" ind2=" " ind1=" ">
      <subfield code="a">Derecho internacional del trabajo</subfield>
   </datafield>
   <datafield tag="653" ind2=" " ind1=" ">
      <subfield code="a">Digitalización</subfield>
   </datafield>
   <datafield tag="653" ind2=" " ind1=" ">
      <subfield code="a">Trabajo en plataformas</subfield>
   </datafield>
   <datafield ind2="0" ind1="0" tag="245">
      <subfield code="a">La normativa internacional como instrumento de articulación de las políticas legislativas nacionales en materia de representación de los trabajadores en el contexto del trabajo a distancia y del teletrabajo</subfield>
   </datafield>
</record></metadata></record></GetRecord></OAI-PMH>